[Event "BUL-chT (Women) 46th"]
[Site "Sunny Beach"]
[Date "2013.09.23"]
[Round "5.3"]
[White "Maksimovic, Suzana"]
[Black "Draganova, Petranka"]
[Result "1-0"]
[WhiteElo "2182"]
[BlackElo "1983"]
[PlyCount "116"]
[EventDate "2013.09.19"]
[EventType "team-tourn"]
[EventRounds "7"]
[EventCountry "BUL"]
[SourceTitle "CBM 156 Extra"]
[Source "ChessBase"]
[SourceDate "2013.10.22"]
[SourceVersion "1"]
[SourceVersionDate "2013.10.22"]
[SourceQuality "1"]
[WhiteTeam "Sofia Shah XXI (W)"]
[BlackTeam "Sofia Ivis Plus (W)"]
[WhiteTeamCountry "BUL"]
[BlackTeamCountry "BUL"]

1. d4 b5 2. e4 Bb7 3. Qd3 e6 4. Nd2 a6 5. Qg3 d6 6. Ngf3 Nd7 7. Bd3 Ngf6 8. a4 bxa4 9. 0-0 g6 10. e5 Nh5 11. Qg4 dxe5 12. dxe5 Nc5 13. Ne4 Nxd3 14. cxd3 Be7 15. Rxa4 Qd7 16. Bg5 0-0 17. Rd4 Qe8 18. Qh4 Bxg5 19. Nfxg5 Bxe4 20. Nxe4 f5 21. exf6 Qf7 22. Rc1 Nxf6 23. Nxf6+ Qxf6 24. Qxf6 Rxf6 25. Rxc7 Rf7 26. Rxf7 Kxf7 27. Rd7+ Kf6 28. g3 Rb8 29. Ra7 Rxb2 30. Rxa6 Rb3 31. Rd6 Ke7 32. Rd4 h5 33. Kf1 e5 34. Re4 Rxd3 35. Rxe5+ Kf6 36. Ra5 Rb3 37. Kg2 g5 38. h3 Kg6 39. Rc5 Ra3 40. Rc6+ Kf5 41. Rh6 h4 42. gxh4 g4 43. hxg4+ Kxg4 44. Rh8 Ra5 45. f3+ Kf4 46. Rf8+ Ke5 47. Kg3 Ra1 48. Kg4 Rg1+ 49. Kh5 Ke6 50. Kh6 Ke7 51. Rf4 Rg3 52. h5 Ke8 53. Kh7 Ke7 54. h6 Ke8 55. Kh8 Ke7 56. h7 Ke8 57. Rg4 Rxf3 58. Kg7 Rf7+ 1-0

[Event "BUL-chT (Women) 46th"]
[Site "Sunny Beach"]
[Date "2013.09.21"]
[Round "3.3"]
[White "Savova, Stefka"]
[Black "Draganova, Petranka"]
[Result "1/2-1/2"]
[WhiteElo "2112"]
[BlackElo "1983"]
[PlyCount "87"]
[EventDate "2013.09.19"]
[EventType "team-tourn"]
[EventRounds "7"]
[EventCountry "BUL"]
[SourceTitle "CBM 156 Extra"]
[Source "ChessBase"]
[SourceDate "2013.10.22"]
[SourceVersion "1"]
[SourceVersionDate "2013.10.22"]
[SourceQuality "1"]
[WhiteTeam "Dupnitsa Marek Union (W)"]
[BlackTeam "Sofia Ivis Plus (W)"]
[WhiteTeamCountry "BUL"]
[BlackTeamCountry "BUL"]

1. Nf3 Nf6 2. g3 b5 3. a4 b4 4. Bg2 Bb7 5. d3 d5 6. 0-0 Nbd7 7. Nbd2 e6 8. e4 dxe4 9. Ng5 Rb8 10. Ngxe4 Be7 11. Re1 0-0 12. Nc4 Nxe4 13. dxe4 Nc5 14. Qxd8 Rfxd8 15. b3 Ba8 16. Bf4 Na6 17. Rad1 Rxd1 18. Rxd1 Rd8 19. Rxd8+ Bxd8 20. Be3 c5 21. Nd6 Bc7 22. Nc8 Bb6 23. Nxb6 axb6 24. Bf4 c4 25. Bf1 cxb3 26. cxb3 Nc5 27. Bc4 Bxe4 28. Bd2 Bd5 29. Bxb4 Bxc4 30. Bxc5 Bxb3 31. Bxb6 Bxa4 32. Be3 f6 33. h4 e5 34. Bc5 Kf7 35. Bb4 Ke6 36. Bf8 g6 37. f3 Bc6 38. Kf2 e4 39. fxe4 Bxe4 40. Ke3 Kf5 41. Be7 Bc6 42. Bd8 g5 43. hxg5 Kxg5 44. Be7 1/2-1/2

[Event "Kesarovski Georgiev Memorial-B 12th"]
[Site "Sunny Beach"]
[Date "2013.09.05"]
[Round "6"]
[White "Draganova, Petranka"]
[Black "Angelov, Angel"]
[Result "0-1"]
[WhiteElo "1983"]
[BlackElo "2163"]
[PlyCount "116"]
[EventDate "2013.08.31"]
[EventType "swiss"]
[EventRounds "9"]
[EventCountry "BUL"]
[SourceTitle "CBM 156 Extra"]
[Source "ChessBase"]
[SourceDate "2013.10.22"]
[SourceVersion "1"]
[SourceVersionDate "2013.10.22"]
[SourceQuality "1"]

1. e4 c6 2. d4 d5 3. exd5 cxd5 4. c4 Nf6 5. Nc3 Nc6 6. Nf3 e6 7. c5 Ne4 8. Bb5 Nxc3 9. bxc3 Bd7 10. 0-0 Be7 11. Bd2 0-0 12. Re1 Bf6 13. Bd3 b6 14. cxb6 axb6 15. Ne5 Bxe5 16. dxe5 f5 17. exf6 Qxf6 18. Qe2 e5 19. Bb5 Rac8 20. f3 Rfe8 21. Qf2 d4 22. cxd4 exd4 23. Rxe8+ Rxe8 24. Re1 Rxe1+ 25. Qxe1 h6 26. Qe4 Qd6 27. Bf4 Qc5 28. Bd3 Ne7 29. Be5 Bf5 30. Qa8+ Kf7 31. Bxf5 d3+ 32. Kf1 Qc1+ 33. Kf2 Qd2+ 34. Kg3 Qg5+ 35. Kf2 Qd2+ 36. Kg3 Nxf5+ 37. Kh3 Qe1 38. Qd5+ Ke7 39. Bg3 Qe6 40. Qxe6+ Kxe6 41. Bf4 Kd5 42. g4 Nd6 43. Kg3 Kd4 44. Kf2 Nc4 45. Ke1 g5 46. Bd2 Ne3 47. a4 Nd5 48. a5 bxa5 49. Bxa5 Ke3 50. Kd1 Kxf3 51. Kd2 Nf4 52. Bc7 Kxg4 53. Be5 Kh3 54. Bg7 h5 55. Bh6 Ne6 56. Kxd3 Kxh2 57. Ke4 Kg2 58. Kf5 h4 0-1

[Event "Kesarovski Georgiev Memorial-B 12th"]
[Site "Sunny Beach"]
[Date "2013.09.02"]
[Round "3"]
[White "Asparuhov, Parvan"]
[Black "Draganova, Petranka"]
[Result "1/2-1/2"]
[WhiteElo "2104"]
[BlackElo "1983"]
[PlyCount "30"]
[EventDate "2013.08.31"]
[EventType "swiss"]
[EventRounds "9"]
[EventCountry "BUL"]
[SourceTitle "CBM 156 Extra"]
[Source "ChessBase"]
[SourceDate "2013.10.22"]
[SourceVersion "1"]
[SourceVersionDate "2013.10.22"]
[SourceQuality "1"]

1. e4 d5 2. exd5 Qxd5 3. Nc3 Qd6 4. d4 Nf6 5. h3 a6 6. Nf3 Nc6 7. Be3 Bf5 8. a3 e5 9. Nh4 Be6 10. dxe5 Nxe5 11. Qxd6 Bxd6 12. 0-0-0 0-0-0 13. Be2 h6 14. Nf3 Nxf3 15. Bxf3 Be5 1/2-1/2

[Event "EU-ch Seniors rap (Women)"]
[Site "Plovdiv"]
[Date "2013.03.21"]
[Round "9"]
[White "Voiska, Margarita"]
[Black "Draganova, Petranka"]
[Result "1-0"]
[WhiteElo "2291"]
[BlackElo "1999"]
[PlyCount "55"]
[EventDate "2013.03.20"]
[EventType "swiss (rapid)"]
[EventRounds "9"]
[EventCountry "BUL"]
[SourceTitle "EXT 2014"]
[Source "ChessBase"]
[SourceDate "2013.11.20"]
[SourceVersion "1"]
[SourceVersionDate "2013.11.20"]
[SourceQuality "1"]

1. d4 b5 2. e4 Bb7 3. Bd3 e6 4. Qe2 a6 5. Nf3 Nf6 6. Nbd2 c5 7. c3 Be7 8. 0-0 d6 9. e5 dxe5 10. dxe5 Nfd7 11. Ne4 Qc7 12. Bg5 Nxe5 13. Nxe5 Qxe5 14. Bxe7 Kxe7 15. f4 Qc7 16. f5 c4 17. Bc2 Qb6+ 18. Kh1 Nd7 19. fxe6 Qxe6 20. Rxf7+ Kd8 21. Rxd7+ Qxd7 22. Rd1 Bd5 23. Nc5 Qc6 24. Qe5 Re8 25. Rxd5+ Qxd5 26. Qxd5+ Kc7 27. Qd7+ Kb6 28. Qd6+ 1-0

[Event "EU-ch Seniors rap (Women)"]
[Site "Plovdiv"]
[Date "2013.03.20"]
[Round "4"]
[White "Sorokina, Tamara"]
[Black "Draganova, Petranka"]
[Result "1/2-1/2"]
[WhiteElo "2116"]
[BlackElo "1999"]
[PlyCount "87"]
[EventDate "2013.03.20"]
[EventType "swiss (rapid)"]
[EventRounds "9"]
[EventCountry "BUL"]
[SourceTitle "EXT 2014"]
[Source "ChessBase"]
[SourceDate "2013.11.20"]
[SourceVersion "1"]
[SourceVersionDate "2013.11.20"]
[SourceQuality "1"]

1. Nf3 b5 2. g3 Bb7 3. Bg2 e6 4. d4 c5 5. c3 Nf6 6. 0-0 Be7 7. Bg5 0-0 8. Nbd2 d6 9. Re1 h6 10. Bxf6 Bxf6 11. e4 cxd4 12. cxd4 Qb6 13. e5 dxe5 14. dxe5 Be7 15. a3 Rd8 16. Qe2 Nc6 17. Ne4 a6 18. Rad1 Rxd1 19. Rxd1 Rd8 20. Nd6 Ba8 21. Ne4 Nd4 22. Nxd4 Rxd4 23. Rc1 Bb7 24. b4 Rd8 25. Nc5 Bxg2 26. Kxg2 a5 27. Qe3 axb4 28. axb4 Qc6+ 29. Kh3 Qd5 30. f4 Qd2 31. Qxd2 Rxd2 32. Ra1 Bxc5 33. bxc5 Rc2 34. Ra8+ Kh7 35. Rc8 Kg6 36. c6 b4 37. Rb8 Rxc6 38. Rxb4 Rc3 39. Rb2 f6 40. exf6 gxf6 41. Re2 Kf5 42. Kg2 e5 43. fxe5 fxe5 44. Kf1 1/2-1/2

[Event "EU-ch Seniors (Women) 13th"]
[Site "Plovdiv"]
[Date "2013.03.17"]
[Round "7"]
[White "Milashevskaja, Valentina"]
[Black "Draganova, Petranka"]
[Result "0-1"]
[WhiteElo "1800"]
[BlackElo "1999"]
[PlyCount "76"]
[EventDate "2013.03.11"]
[EventType "swiss"]
[EventRounds "9"]
[EventCountry "BUL"]
[SourceTitle "CBM 153 Extra"]
[Source "ChessBase"]
[SourceDate "2013.04.22"]
[SourceVersion "1"]
[SourceVersionDate "2013.04.22"]
[SourceQuality "1"]

1. Nf3 b5 2. d4 Bb7 3. Nbd2 Nf6 4. c3 e6 5. Qc2 d5 6. g3 Nbd7 7. Bg2 c5 8. 0-0 cxd4 9. Nxd4 Qb6 10. e4 Rc8 11. Qb3 b4 12. exd5 Bxd5 13. Bxd5 Nxd5 14. N2f3 bxc3 15. bxc3 Bc5 16. Qxb6 Bxb6 17. Nb5 0-0 18. Bd2 a6 19. Nd6 Rc6 20. Ne4 f5 21. Neg5 h6 22. c4 N5f6 23. Nh3 e5 24. Rac1 e4 25. Nh4 Ng4 26. Ng2 Nde5 27. Be3 Nf3+ 28. Kh1 Rfc8 29. Bxb6 Rxb6 30. c5 Rbc6 31. Ngf4 Rxc5 32. Rxc5 Rxc5 33. Ng1 Nd2 34. Re1 Nxf2+ 35. Kg2 Ng4 36. h3 Ne5 37. Re2 Ndf3 38. Ne6 Rc1 0-1

[Event "Kesarovski Georgiev Memorial 11th"]
[Site "Sunny Beach"]
[Date "2012.09.08"]
[Round "8"]
[White "Draganova, Petranka"]
[Black "Galicek, Stanislav"]
[Result "0-1"]
[WhiteElo "2009"]
[BlackElo "2164"]
[PlyCount "69"]
[EventDate "2012.09.01"]
[EventType "swiss"]
[EventRounds "9"]
[EventCountry "BUL"]
[SourceTitle "CBM 150 Extra"]
[Source "ChessBase"]
[SourceDate "2012.10.19"]
[SourceVersion "1"]
[SourceVersionDate "2012.10.19"]
[SourceQuality "1"]

1. e4 c5 2. Nf3 d6 3. c3 Nf6 4. Be2 g6 5. 0-0 Bg7 6. Bb5+ Nc6 7. e5 Nd5 8. d4 0-0 9. Bxc6 bxc6 10. exd6 Qxd6 11. Nbd2 cxd4 12. Ne4 Qc7 13. cxd4 Bg4 14. Nc3 Nxc3 15. bxc3 c5 16. Be3 cxd4 17. cxd4 Rad8 18. h3 Bxf3 19. Qxf3 Bxd4 20. Bxd4 Rxd4 21. Rab1 Rb8 22. Rxb8+ Qxb8 23. Re1 e6 24. Rc1 Qf4 25. Qxf4 Rxf4 26. Kf1 Kg7 27. Rc3 Ra4 28. a3 h5 29. Ke2 Kf6 30. g3 e5 31. Kd3 h4 32. g4 Kg5 33. Ke3 f6 34. Kd3 Kf4 35. Ke2 0-1

[Event "Kesarovski Georgiev Memorial 9th"]
[Site "Sunny Beach"]
[Date "2010.08.30"]
[Round "3"]
[White "Manolov, Ivan"]
[Black "Draganova, Petranka"]
[Result "1/2-1/2"]
[WhiteElo "2261"]
[BlackElo "2010"]
[PlyCount "134"]
[EventDate "2010.08.28"]
[EventType "swiss"]
[EventRounds "9"]
[EventCountry "BUL"]
[SourceTitle "CBM 138 Extra"]
[Source "ChessBase"]
[SourceDate "2010.10.29"]
[SourceVersion "1"]
[SourceVersionDate "2010.10.29"]
[SourceQuality "1"]

1. Nf3 d5 2. g3 c6 3. Bg2 Bf5 4. 0-0 Nd7 5. d3 e5 6. e4 dxe4 7. Nh4 Be6 8. dxe4 Ngf6 9. Nd2 Qb6 10. Nhf3 Bc5 11. b3 Ng4 12. Qe2 f6 13. c3 a5 14. h3 Nh6 15. Nc4 Qa6 16. Nfd2 Nf7 17. Re1 h5 18. a4 h4 19. g4 Ng5 20. Bf1 Rd8 21. Kg2 Nf8 22. Nf3 Bxc4 23. Qxc4 Qxc4 24. Bxc4 Nfe6 25. Nxg5 Nxg5 26. f4 exf4 27. Bxf4 Nf7 28. e5 fxe5 29. Bxe5 Rd2+ 30. Kh1 0-0 31. Bf4 Rf2 32. Rf1 Rxf1+ 33. Rxf1 Kh7 34. Bc7 Ng5 35. Rxf8 Bxf8 36. Kg2 g6 37. Bxa5 Bg7 38. Bf1 Ne4 39. c4 Nc5 40. b4 Bc3 41. Bd8 Bxb4 42. Bxh4 Nxa4 43. Kf3 Bc5 44. Bf6 Nb6 45. h4 Nd7 46. Bb2 Be7 47. g5 Kg8 48. Bh3 Nc5 49. Bc8 b5 50. cxb5 cxb5 51. Kg4 b4 52. h5 gxh5+ 53. Kxh5 Ne4 54. Be6+ Kf8 55. g6 Bf6 56. Bc1 Bg7 57. Be3 Ke7 58. Bb3 Kf8 59. Bc2 Nf6+ 60. Kg5 Nd5 61. Bc5+ Ke8 62. Ba4+ Kd8 63. Bb3 Ne7 64. Bxb4 Nxg6 65. Kxg6 Bb2 66. Kf7 Bc1 67. Ke6 Be3 1/2-1/2

[Event "Kesarovski Georgiev Memorial 8th"]
[Site "Sunny Beach"]
[Date "2009.09.07"]
[Round "1"]
[White "Draganova, Petranka"]
[Black "Szabo, Gergely Andras"]
[Result "0-1"]
[WhiteElo "2021"]
[BlackElo "2526"]
[PlyCount "68"]
[EventDate "2009.09.07"]
[EventType "swiss"]
[EventRounds "9"]
[EventCountry "BUL"]
[SourceTitle "CBM 132 Extra"]
[Source "ChessBase"]
[SourceDate "2009.11.03"]
[SourceVersion "1"]
[SourceVersionDate "2009.11.03"]
[SourceQuality "1"]

1. e4 c5 2. Nf3 d6 3. c3 Nf6 4. Be2 g6 5. 0-0 Bg7 6. Re1 0-0 7. Bf1 Bg4 8. h3 Bxf3 9. Qxf3 Nc6 10. Na3 Rb8 11. Nc2 Nd7 12. d3 b5 13. Be3 b4 14. d4 bxc3 15. bxc3 Rb2 16. Rec1 Qa5 17. a3 Qxc3 18. Nb4 Nxd4 19. Qg4 Ne5 20. Qd1 Qb3 21. Bxd4 Qxd1 22. Rxd1 cxd4 23. f4 Nd7 24. Nc6 e5 25. Nxa7 Nc5 26. Bd3 d5 27. exd5 e4 28. Bc4 d3 29. Nc6 Rc2 30. Rac1 Bb2 31. Rb1 Rxc4 32. Rxb2 e3 33. Ne5 Rd4 34. Ng4 e2 0-1

[Event "Kesarovski Georgiev Memorial 7th"]
[Site "Sunny Beach"]
[Date "2008.09.13"]
[Round "8"]
[White "Hatipoglu, Metin"]
[Black "Draganova, Petranka"]
[Result "0-1"]
[WhiteElo "1860"]
[BlackElo "2023"]
[PlyCount "74"]
[EventDate "2008.09.08"]
[EventType "swiss"]
[EventRounds "9"]
[EventCountry "BUL"]
[SourceTitle "CBM 126 Extra"]
[Source "ChessBase"]
[SourceDate "2008.11.05"]
[SourceVersion "1"]
[SourceVersionDate "2008.11.05"]
[SourceQuality "1"]

1. e4 d5 2. exd5 Qxd5 3. Nc3 Qd8 4. d4 c6 5. Bc4 Bf5 6. Nf3 e6 7. 0-0 Nf6 8. Bf4 Be7 9. Re1 0-0 10. Qe2 Nd5 11. Nxd5 cxd5 12. Bd3 Bxd3 13. Qxd3 Nd7 14. b3 Rc8 15. c4 Bb4 16. Re2 dxc4 17. bxc4 Qf6 18. Bg3 b5 19. cxb5 Rc3 20. Qe4 Rfc8 21. h3 Nb6 22. Ne5 Rc1+ 23. Rxc1 Rxc1+ 24. Kh2 Nd5 25. Nd3 Rc8 26. Nxb4 Nxb4 27. Qb7 Qd8 28. Qxa7 Nd5 29. Rb2 Nb6 30. Rd2 h5 31. Bf4 Nd5 32. Be3 Qd6+ 33. g3 Nxe3 34. fxe3 h4 35. Rg2 hxg3+ 36. Kh1 Rc1+ 37. Rg1 Qd5+ 0-1

[Event "BUL-ch sf (Women) 57th"]
[Site "Plovdiv"]
[Date "2008.02.18"]
[Round "7"]
[White "Doncheva, Marinela"]
[Black "Draganova, Petranka"]
[Result "1/2-1/2"]
[WhiteElo "2084"]
[BlackElo "2086"]
[PlyCount "28"]
[EventDate "2008.02.13"]
[EventType "swiss"]
[EventRounds "7"]
[EventCountry "BUL"]
[SourceTitle "EXT 2010"]
[Source "ChessBase"]
[SourceDate "2010.11.25"]
[SourceVersion "1"]
[SourceVersionDate "2010.11.25"]
[SourceQuality "1"]

1. e4 d5 2. exd5 Qxd5 3. Nc3 Qd8 4. d4 c6 5. Bc4 Bf5 6. Nf3 e6 7. Bf4 Nf6 8. 0-0 Bd6 9. Bxd6 Qxd6 10. b3 0-0 11. Qe2 h6 12. Rad1 Nbd7 13. Ne5 Nd5 14. Nxd7 Qxd7 1/2-1/2

[Event "BUL-chT (Women) 57th"]
[Site "Sunny Beach"]
[Date "2007.10.01"]
[Round "3.4"]
[White "Ilieva, Hristina"]
[Black "Draganova, Petranka"]
[Result "1/2-1/2"]
[WhiteElo "2151"]
[BlackElo "2040"]
[PlyCount "71"]
[EventDate "2007.09.29"]
[EventType "team"]
[EventRounds "7"]
[EventCountry "BUL"]
[SourceTitle "CBM 120 Extra"]
[Source "ChessBase"]
[SourceDate "2007.11.01"]
[SourceVersion "1"]
[SourceVersionDate "2007.11.01"]
[SourceQuality "1"]

1. d4 d5 2. Nf3 Nf6 3. c4 c6 4. Nc3 a6 5. c5 b5 6. cxb6 Qxb6 7. Na4 Qc7 8. Bd2 a5 9. e3 Ne4 10. Rc1 e6 11. a3 Bd6 12. Be2 0-0 13. 0-0 Ba6 14. Bxa6 Rxa6 15. h3 Nd7 16. Ne1 Qb7 17. Nd3 Qb5 18. Be1 Rc8 19. f3 Ng3 20. Bxg3 Bxg3 21. f4 Bh4 22. Nac5 Nxc5 23. Nxc5 Ra7 24. Qg4 Bf6 25. Rf2 Re8 26. Qe2 Bh4 27. g3 Bxg3 28. Rg2 Qxe2 29. Rxe2 Bh4 30. Nd3 Rc8 31. Rec2 Bf6 32. Rxc6 Rxc6 33. Rxc6 h5 34. Nc5 Be7 35. Kf1 Kh7 36. Ke2 1/2-1/2